Top 15 landen met Covid-19 sterfgevallen - 3 september - Statistieken

Algemene statistieken
  • Deze quiz is 2 keer genomen
  • De gemiddelde score is 10 van 19
Antwoordstatistieken
land % Correct
Frankrijk
100%
Rusland
100%
Spanje
100%
Verenigde Staten
100%
Verenigd Koninkrijk
100%
Zweden
100%
België
50%
Brazilië
50%
Chili
50%
Colombia
50%
Ecuador
50%
India
50%
Italië
50%
Peru
50%
Bolivia
0%
Iran
0%
Mexico
0%
Panama
0%
Zuid-Afrika
0%
Geen overeenkomende quizzen gevonden
Scoreverdeling
Procent van Mensen met Elke Score
Percentiel versus Aantal Correcte Antwoorden
Uw Scoregeschiedenis
U heeft deze quiz nog niet genomen